| 000 | 00434nam a22001697a 4500 | ||
|---|---|---|---|
| 003 | OSt | ||
| 005 | 20240322123825.0 | ||
| 008 | 180206b xxu||||| |||| 00| 0 eng d | ||
| 020 | _aNA | ||
| 040 | _cSEROSOFT | ||
| 100 | _aRAKESH MOHAN | ||
| 245 |
_aBASIC ELECTRICAL ENGINEERING _cAUTHOR _hENGLISH |
||
| 260 |
_aMEERUT _bNAV BHARAT _c2017 |
||
| 300 | _b6TH ED. 414 PP | ||
| 856 | _3PAPER BACK | ||
| 942 |
_2ddc _c02 _e6TH ED. _k621.31 _mMOH |
||
| 999 |
_c40988 _d40988 |
||